[Event "IECG CP.2002.P.00038 email"]
[Site "IECG email"]
[Date "2002.10.01"]
[Round "1"]
[White "Krol, Wladyslaw"]
[Black "Christopher, Horace"]
[Result "1-0"]
[WhiteElo "2263"]
[BlackElo "1115"]
[PlyCount "29"]
[EventDate "2002.10.01"]
[EventType "tourn (corr)"]
[EventRounds "6"]
[EventCountry "USA"]
[SourceTitle "Corr 2024"]
[Source "ChessBase"]
[SourceDate "2023.10.19"]
[SourceVersion "1"]
[SourceVersionDate "2023.10.19"]
[SourceQuality "1"]

1. e4 e5 2. f4 d5 3. exd5 e4 4. Bb5+ c6 5. dxc6 Nxc6 6. Qe2 Nf6 7. Bxc6+ bxc6 8. Nf3 Bg4 9. d3 Qe7 10. dxe4 Nxe4 11. 0-0 0-0-0 12. Be3 Qb7 13. Nc3 Nc5 14. Rab1 Bd6 15. b4 1-0

[Event "IECG CP.2002.P.00038 email"]
[Site "IECG email"]
[Date "2002.09.29"]
[Round "1"]
[White "Christopher, Horace"]
[Black "Gomez Galan Arense, Joaquin"]
[Result "0-1"]
[WhiteElo "1115"]
[BlackElo "1955"]
[PlyCount "32"]
[EventDate "2002.10.01"]
[EventType "tourn (corr)"]
[EventRounds "6"]
[EventCountry "USA"]
[SourceTitle "Corr 2011"]
[Source "ChessBase"]
[SourceDate "2010.08.31"]
[SourceVersion "1"]
[SourceVersionDate "2010.08.31"]
[SourceQuality "1"]

1. e4 e5 2. d4 exd4 3. c3 Nc6 4. cxd4 Bb4+ 5. Nc3 Qe7 6. f3 d5 7. Bb5 dxe4 8. Be3 Nf6 9. f4 0-0 10. Nge2 Ng4 11. Qd2 Na5 12. h3 Nxe3 13. Qxe3 a6 14. Bd3 exd3 15. Qxe7 Bxe7 16. Nc1 Re8 0-1

[Event "IECC KO email"]
[Site "IECC email"]
[Date "2002.03.11"]
[Round "?"]
[White "Bruce, Earle"]
[Black "Christopher, Horace"]
[Result "0-1"]
[WhiteElo "1572"]
[BlackElo "1332"]
[PlyCount "52"]
[EventDate "2002.??.??"]
[EventType "tourn (corr)"]
[EventRounds "6"]
[SourceTitle "Corr 2008"]
[Source "ChessBase"]
[SourceDate "2008.06.24"]
[SourceVersion "1"]
[SourceVersionDate "2008.06.24"]
[SourceQuality "1"]

1. Nf3 Nf6 2. d4 d5 3. c4 e6 4. Nc3 Bb4 5. Bg5 h6 6. Bxf6 Qxf6 7. e3 0-0 8. Rc1 dxc4 9. Bxc4 c5 10. 0-0 cxd4 11. Nxd4 Bd7 12. Qb3 Nc6 13. Ne4 Qe7 14. Nxc6 Bxc6 15. Bd3 Bd5 16. Qc2 Bc6 17. a3 Ba5 18. b4 Bc7 19. Rfd1 Rac8 20. Qb2 Bxh2+ 21. Kf1 f5 22. Nc5 b6 23. Nb3 e5 24. Rd2 Qg5 25. g3 f4 26. exf4 exf4 0-1

[Event "IECG CP.2001.P.00030"]
[Site "IECG email"]
[Date "2001.10.01"]
[Round "?"]
[White "Christopher, Horace"]
[Black "Mlinaric, Michael"]
[Result "0-1"]
[WhiteElo "1200"]
[BlackElo "1780"]
[PlyCount "80"]
[EventDate "2001.10.01"]
[EventType "tourn (corr)"]
[EventRounds "6"]
[SourceTitle "Corr 2008"]
[Source "ChessBase"]
[SourceDate "2008.06.24"]
[SourceVersion "1"]
[SourceVersionDate "2008.06.24"]
[SourceQuality "1"]

1. e4 c5 2. Nf3 d6 3. d4 cxd4 4. Nxd4 Nf6 5. Nc3 a6 6. Bg5 e6 7. f4 Qb6 8. Qd2 Qxb2 9. Rb1 Qa3 10. e5 dxe5 11. fxe5 Nfd7 12. Bc4 Bb4 13. Rb3 Qa5 14. 0-0 0-0 15. Bf6 Nxf6 16. exf6 Rd8 17. Rxb4 Qxb4 18. Qg5 g6 19. Ne4 Qf8 20. Nf3 b5 21. Qh4 Nc6 22. Neg5 h6 23. Nxf7 Qxf7 24. Qxh6 Qxf6 25. Ng5 Qd4+ 26. Rf2 Qd1+ 27. Rf1 Qh5 28. Qxh5 gxh5 29. Be2 Nb4 30. Bxh5 Nxa2 31. Bf7+ Kg7 32. h4 Rd6 33. h5 Nc3 34. Rf3 b4 35. Bg6 Ra7 36. Nf7 Rd1+ 37. Kh2 a5 38. h6+ Kxg6 39. Rg3+ Kxf7 40. h7 Rd8 0-1

[Event "IECC KO email"]
[Site "IECC email"]
[Date "2001.07.17"]
[Round "?"]
[White "Christopher, Horace"]
[Black "Klawitter, Bernd"]
[Result "1-0"]
[WhiteElo "1292"]
[BlackElo "1532"]
[PlyCount "37"]
[EventDate "2001.??.??"]
[EventType "tourn (corr)"]
[EventRounds "6"]
[SourceTitle "Corr 2008"]
[Source "ChessBase"]
[SourceDate "2008.06.24"]
[SourceVersion "1"]
[SourceVersionDate "2008.06.24"]
[SourceQuality "1"]

1. e4 e6 2. d4 d5 3. exd5 exd5 4. Nf3 c5 5. Bb5+ Bd7 6. Qe2+ Be7 7. 0-0 cxd4 8. Nxd4 Nc6 9. Be3 Nf6 10. Nc3 0-0 11. Rad1 a6 12. Bd3 Bd6 13. Nf5 Bxf5 14. Bxf5 d4 15. Bg5 dxc3 16. Qe3 Qa5 17. Qh3 Bxh2+ 18. Kxh2 Qe5+ 19. f4 1-0

[Event "IECC KO email"]
[Site "IECC email"]
[Date "2001.07.17"]
[Round "?"]
[White "Klawitter, Bernd"]
[Black "Christopher, Horace"]
[Result "1/2-1/2"]
[WhiteElo "1543"]
[BlackElo "1281"]
[PlyCount "39"]
[EventDate "2001.??.??"]
[EventType "tourn (corr)"]
[EventRounds "6"]
[SourceTitle "Corr 2008"]
[Source "ChessBase"]
[SourceDate "2008.06.24"]
[SourceVersion "1"]
[SourceVersionDate "2008.06.24"]
[SourceQuality "1"]

1. e4 d5 2. exd5 Nf6 3. Nc3 e6 4. Bb5+ c6 5. dxc6 bxc6 6. Be2 e5 7. d3 Bb4 8. Bd2 0-0 9. Nf3 Nbd7 10. 0-0 Ng4 11. h3 Ngf6 12. Ne4 Be7 13. Ng3 Nd5 14. c4 Nf4 15. Bxf4 exf4 16. Ne4 f5 17. Nc3 g5 18. d4 g4 19. hxg4 fxg4 20. Ne5 1/2-1/2

[Event "IECC KO email"]
[Site "IECC email"]
[Date "2001.05.29"]
[Round "?"]
[White "Christopher, Horace"]
[Black "Field, Simon"]
[Result "0-1"]
[WhiteElo "1317"]
[BlackElo "1635"]
[PlyCount "96"]
[EventDate "2001.??.??"]
[EventType "tourn (corr)"]
[EventRounds "6"]
[SourceTitle "Corr 2008"]
[Source "ChessBase"]
[SourceDate "2008.06.24"]
[SourceVersion "1"]
[SourceVersionDate "2008.06.24"]
[SourceQuality "1"]

1. e4 e5 2. f4 exf4 3. Nf3 Be7 4. Bc4 Nf6 5. e5 Ne4 6. 0-0 d5 7. exd6 Nxd6 8. Bb3 g5 9. Qe1 0-0 10. Nc3 Bf6 11. d3 Nc6 12. Ne4 Nxe4 13. Qxe4 Bg4 14. Nxg5 Bxg5 15. Bxf4 Be6 16. Bxe6 fxe6 17. Qxe6+ Kh8 18. Qe3 Bxf4 19. Rxf4 Rxf4 20. Qxf4 Qd4+ 21. Qxd4+ Nxd4 22. c3 Ne2+ 23. Kh1 Nf4 24. d4 Re8 25. g3 Nd3 26. b3 Re2 27. Kg1 Nf2 28. Kf1 Rc2 29. Re1 Rxa2 30. Re7 Nh3 31. Rxc7 Nf2 32. Rxb7 Ne4 33. c4 Nd2+ 34. Ke1 Nf3+ 35. Kd1 Nxd4 36. c5 Rxh2 37. b4 Rb2 38. Kc1 Rb3 39. Rxa7 Rxb4 40. Kd2 Ne6 41. c6 Rc4 42. Ra6 Kg7 43. Kd3 Rc5 44. Ke4 Kf6 45. g4 Kg5 46. Ra7 h6 47. Re7 Rxc6 48. Kd5 Ra6 0-1

[Event "IECC KO email"]
[Site "IECC email"]
[Date "2001.01.20"]
[Round "?"]
[White "Christopher, Horace"]
[Black "Goodloe, Philip"]
[Result "1-0"]
[WhiteElo "1240"]
[BlackElo "1371"]
[PlyCount "47"]
[EventDate "2001.??.??"]
[EventType "tourn (corr)"]
[EventRounds "6"]
[SourceTitle "Corr 2008"]
[Source "ChessBase"]
[SourceDate "2008.06.24"]
[SourceVersion "1"]
[SourceVersionDate "2008.06.24"]
[SourceQuality "1"]

1. e4 e5 2. f4 exf4 3. Nf3 f6 4. d4 c5 5. Bxf4 Nc6 6. d5 Ne5 7. Nxe5 fxe5 8. Qh5+ g6 9. Qxe5+ Qe7 10. Qxh8 Qxe4+ 11. Kd1 Qxd5+ 12. Bd3 d6 13. Re1+ Be6 14. Qxg8 0-0-0 15. Qxe6+ Qxe6 16. Rxe6 Kc7 17. Nc3 a6 18. Ne4 Kd7 19. Bg5 Kxe6 20. Bxd8 Ke5 21. Bf6+ Kf4 22. Nf2 d5 23. Ke2 c4 24. g3# 1-0

[Event "IECG CP.2000.P.00014"]
[Site "IECG email"]
[Date "2000.10.01"]
[Round "?"]
[White "Christopher, Horace"]
[Black "Davis, Ralph"]
[Result "0-1"]
[WhiteElo "1200"]
[BlackElo "1950"]
[PlyCount "40"]
[EventDate "2000.10.01"]
[EventType "tourn (corr)"]
[EventRounds "6"]
[EventCountry "HUN"]
[SourceTitle "Corr 2008"]
[Source "ChessBase"]
[SourceDate "2008.06.24"]
[SourceVersion "1"]
[SourceVersionDate "2008.06.24"]
[SourceQuality "1"]

1. e4 e5 2. f4 exf4 3. Nf3 d5 4. Bb5+ c6 5. Ba4 dxe4 6. Qe2 Qe7 7. Nd4 Nf6 8. h3 Qb4 9. Bxc6+ bxc6 10. c3 Qb6 11. d3 Bc5 12. Bxf4 Bxd4 13. cxd4 Qxd4 14. Kd2 0-0 15. Nc3 Ba6 16. Qe3 Qxd3+ 17. Qxd3 exd3 18. Rac1 c5 19. a4 c4 20. Na2 Ne4+ 0-1

[Event "IECG CP.2000.P.00014"]
[Site "IECG email"]
[Date "2000.10.01"]
[Round "?"]
[White "Varallyay, Zoltan"]
[Black "Christopher, Horace"]
[Result "1-0"]
[WhiteElo "800"]
[BlackElo "1200"]
[PlyCount "39"]
[EventDate "2000.10.01"]
[EventType "tourn (corr)"]
[EventRounds "6"]
[EventCountry "HUN"]
[SourceTitle "Corr 2008"]
[Source "ChessBase"]
[SourceDate "2008.06.24"]
[SourceVersion "1"]
[SourceVersionDate "2008.06.24"]
[SourceQuality "1"]

1. e4 d5 2. exd5 Qxd5 3. Nc3 Qa5 4. d4 c6 5. Nf3 Bg4 6. h3 Bf5 7. Bc4 e6 8. Bd2 Qc7 9. Qe2 Nd7 10. d5 0-0-0 11. dxe6 Bxe6 12. Bxe6 fxe6 13. Ng5 Nh6 14. Nxe6 Re8 15. Nxc7 Rxe2+ 16. Nxe2 Nf5 17. Ne6 Be7 18. 0-0-0 Bh4 19. g3 Re8 20. N2f4 1-0

[Event "IECC M email"]
[Site "IECC email"]
[Date "2000.01.07"]
[Round "?"]
[White "Christopher, Horace"]
[Black "Johnson, Bernard S"]
[Result "0-1"]
[WhiteElo "1245"]
[BlackElo "1397"]
[PlyCount "72"]
[EventDate "2000.??.??"]
[EventType "tourn (corr)"]
[EventRounds "2"]
[SourceTitle "Corr 2008"]
[Source "ChessBase"]
[SourceDate "2008.06.24"]
[SourceVersion "1"]
[SourceVersionDate "2008.06.24"]
[SourceQuality "1"]

1. e4 e5 2. Bc4 Nf6 3. d3 Bc5 4. a3 0-0 5. b4 Bd4 6. c3 Bb6 7. Nf3 d6 8. 0-0 Bg4 9. a4 a5 10. b5 Nbd7 11. h3 Bh5 12. Nbd2 Nc5 13. g4 Bg6 14. g5 Nfd7 15. Nh4 Qxg5+ 16. Qg4 Qxg4+ 17. hxg4 Nf6 18. g5 Ng4 19. Nxg6 hxg6 20. Kg2 Ne6 21. Nf3 c6 22. Bb2 Rad8 23. d4 d5 24. Bb3 dxe4 25. Nxe5 Nxe5 26. dxe5 Nxg5 27. Bc1 e3 28. Bxe3 Bxe3 29. fxe3 Rde8 30. e6 Nxe6 31. Bxe6 Rxe6 32. Rf3 cxb5 33. axb5 b6 34. c4 Rc8 35. Rd1 f5 36. Rd4 a4 0-1